| 000 | 00741nam a22002417a 4500 | ||
|---|---|---|---|
| 999 |
_c7286 _d7286 |
||
| 001 | 4950 | ||
| 003 | BD-DhUAP | ||
| 005 | 20210118153420.0 | ||
| 008 | 200115s1998 nyua b 001 0 eng d | ||
| 020 | _a0070384436 | ||
| 040 |
_aICP _cIMJ _dBD-DhUAP _bEng |
||
| 082 | 0 | 4 |
_223 _a004 INT |
| 245 | 0 | 0 |
_aInteractive computing : _bsoftware skills / _cKenneth C. Laudon ... [et al.]. |
| 260 |
_aBoston : _bMcGraw-Hill, _cc1998. |
||
| 300 |
_axi, 148 pages : _billustrations ; _c26 cm. |
||
| 504 | _aIncludes bibliographical references and index. | ||
| 650 | 0 | _aComputers. | |
| 650 | 0 | _aComputer software. | |
| 700 | _aLaudon, Kenneth C. | ||
| 942 |
_2ddc _cBK |
||